000 01064nam a22002657i 4500
001 IT\ICCU\RAV\0003752
003 ItRI
005 20260115232318.0
008 860314s1966 it |||||| ||||| |||||c
040 _bita
_cimportazione bologna sebina
041 7 _aita
_2ISO-639-2
100 1 _aHartley, L. P.
_0IT\ICCU\UMCV\258460
_4aut
240 1 4 _aThe go-between
_3IT\ICCU\LO1\1411524
_9Hartley, L. P.
245 1 2 _aL'eta incerta :
_bromanzo /
_cL. P. Hartley.
260 _aMilano :
_bGarzanti,
_c1966
300 _a300 p. ;
_c20 cm
500 _aTrad. dall'inglese di Giorgio Monicelli.
700 1 _aMonicelli, Giorgio
_0IT\ICCU\CFIV\037675
790 1 _aDalloro, Patrick
_3IT\ICCU\RAVV\697893
_zMonicelli, Giorgio
790 1 _aDalloro, Patrizio
_c (pseudonimo di Monicelli, Giorgio)
_3IT\ICCU\RAVV\697894
_zMonicelli, Giorgio
790 1 _aArno, Tom
_3IT\ICCU\RAVV\697895
_zMonicelli, Giorgio
790 1 _aHartley, Leslie Poles
_3IT\ICCU\CFIV\153007
_zHartley, L. P.
790 1 _aHartley, Leslie P.
_3IT\ICCU\LO1V\394541
_zHartley, L. P.
942 _2ddc
_cBK
_n0
999 _c20436
_d20436